000 00461nam a2200169 a 4500
001 1571
005 20140414131924.0
008 010430s19uu xx 00 eng d
020 _a0-911078-8117-4
050 _aER
_bT14 1989
100 _aPotter, Beatrix
245 _aTale of ginger and pickles, The /
_cby Beatrix Potter.
260 _aChicago, Illinois :
_bAllan,
_c1989.
300 _a59 p. : ill. ; cm.
650 _aChildren stories.
999 _c111904
_d111904